Wrong Pokémon Evolutions - Sudden Death - Statistics

General Stats
  • This quiz has been taken 167 times
  • The average score is 8 of 10
Answers on the Grid
Answers color-coded by a green-red scale on the quiz's grid according to % correct below.
Bulbasaur
Ivysaur
Charizard
Shellos
Gastrodon
Lapras
Dedenne
Pikachu
Raichu
Ekans
Arbok
Seviper
Venonat
Venipede
Venomoth
Bagon
Shelgon
Flygon
Wiglett
Diglett
Dugtrio
Skitty
Glameow
Delcatty
Cubone
Marowak
Kangaskhan
Cacnea
Maractus
Cacturne
 
Answer Stats
Answer % Correct
Charizard
96%
Dedenne
92%
Lapras
91%
Seviper
89%
Wiglett
76%
Venipede
75%
Kangaskhan
71%
Flygon
69%
Glameow
69%
Maractus
63%
No matching quizzes found
Score Distribution
Percent of People with Each Score
Percentile by Number Answered
Your Score History
You have not taken this quiz